000 00334 a2200133 4500
040 _aDLC
_bDLC
082 _a891.4393
100 _aNaseem Hijazi
245 _aInsaan aur devta
_cNaseem Hijazi
260 _aLahore:
_bJahangir Book Depu,
_c2005.
300 _a407 p. ;
_c24 cm.
650 _aUrdu fiction.
942 _cBK
_k891.4393 NAS
_2ddc
999 _c9715
_d9715